| Tag |
First Indicator |
Second Indicator |
Subfields |
| LEADER |
00000cam a2200000Mi 4500 |
| 001 |
in00003564366 |
| 006 |
m o d |
| 007 |
cr mnu---uuaaa |
| 008 |
121227s1988 gw a o 000 0 eng |
| 005 |
20260420210657.8 |
| 020 |
|
|
|a 9783642732805 (electronic bk.)
|
| 020 |
|
|
|a 3642732801 (electronic bk.)
|
| 020 |
|
|
|z 9783642732829
|
| 020 |
|
|
|z 3642732828
|
| 035 |
|
|
|a (OCoLC)851767434
|
| 040 |
|
|
|a AU@
|b eng
|c AU@
|d OCLCO
|d OCLCQ
|d GW5XE
|d OCLCF
|d UtOrBLW
|
| 049 |
|
|
|a TXAM
|
| 050 |
|
4 |
|a RC434.2-574
|
| 072 |
|
7 |
|a MMH
|2 bicssc
|
| 072 |
|
7 |
|a MED105000
|2 bisacsh
|
| 082 |
0 |
4 |
|a 616.89
|2 23
|
| 100 |
1 |
|
|a Casey, Daniel E.
|
| 245 |
1 |
0 |
|a Psychopharmacology: Current Trends /
|c edited by Daniel E. Casey, A. Vibeke Christensen.
|
| 264 |
|
1 |
|a Berlin, Heidelberg :
|b Springer Berlin Heidelberg,
|c 1988.
|
| 300 |
|
|
|a 1 online resource (ix, 212 pages 18 illustrations)
|
| 336 |
|
|
|a text
|b txt
|2 rdacontent
|
| 337 |
|
|
|a computer
|b c
|2 rdamedia
|
| 338 |
|
|
|a online resource
|b cr
|2 rdacarrier
|
| 490 |
1 |
|
|a Psychopharmacology Series,
|x 0931-6795 ;
|v 5
|
| 520 |
|
|
|a This volume reports on the latest clinical and basic science information on schizophrenia, affective disorders, anxiety and dementia. Each author, a leading expert in his field, offers an up-to-date review of his topic. The chapters combine new findings with established knowledge, allowing clinicians to gain new insights and practical guidance for both the vexing and routine problems of current psychiatric patient cases. Researchers will also benefit from the chapters on receptor regulation, neuroimaging and new approaches to advanced drug development.
|
| 500 |
|
|
|a Electronic resource.
|
| 650 |
|
0 |
|a Medicine.
|
| 650 |
|
0 |
|a Toxicology.
|
| 650 |
|
0 |
|a Pharmacy.
|
| 650 |
|
0 |
|a Neurology.
|
| 650 |
|
0 |
|a Psychiatry.
|
| 650 |
|
7 |
|a Medicine.
|2 fast
|0 (OCoLC)fst01014893
|
| 650 |
|
7 |
|a Neurology.
|2 fast
|0 (OCoLC)fst01036390
|
| 650 |
|
7 |
|a Pharmacy.
|2 fast
|0 (OCoLC)fst01060285
|
| 650 |
|
7 |
|a Psychiatry.
|2 fast
|0 (OCoLC)fst01081152
|
| 650 |
|
7 |
|a Toxicology.
|2 fast
|0 (OCoLC)fst01153364
|
| 655 |
|
7 |
|a Electronic books.
|2 local
|
| 700 |
1 |
|
|a Christensen, A. Vibeke.
|
| 710 |
2 |
|
|a SpringerLink (Online service)
|
| 776 |
1 |
8 |
|i Print version:
|z 9783642732829
|
| 830 |
|
0 |
|a Psychopharmacology series ;
|v 5.
|
| 856 |
4 |
0 |
|u http://proxy.library.tamu.edu/login?url=https://link.springer.com/10.1007/978-3-642-73280-5
|z Connect to the full text of this electronic book
|t 0
|
| 994 |
|
|
|a 92
|b TXA
|
| 999 |
|
|
|a MARS
|
| 999 |
f |
f |
|s 0060b0ff-a4f7-3af7-9e34-b862a74a7a8a
|i 26238932-b2ed-3dc1-9a52-c7c8fc03b10b
|t 0
|
| 952 |
f |
f |
|a Texas A&M University
|b College Station
|c Electronic Resources
|s www_evans
|d Available Online
|t 0
|e RC434.2-574
|h Library of Congress classification
|
| 998 |
f |
f |
|a RC434.2-574
|t 0
|l Available Online
|